Normal view
MARC view
Entry Topical Term
001 - CONTROL NUMBER
- control field: 2757
003 - CONTROL NUMBER IDENTIFIER
- control field: BD-RjUL
005 - DATE AND TIME OF LATEST TRANSACTION
- control field: 20220425134751.0
008 - FIXED-LENGTH DATA ELEMENTS
- fixed length control field: 220425|| aca||aabn | a|a d
040 ## - CATALOGING SOURCE
- Original cataloging agency: BD-RjUL
- Transcribing agency: BD-RjUL
150 ## - HEADING--TOPICAL TERM
- Topical term or geographic name entry element: English language
- General subdivision: Errors of usage
670 ## - SOURCE DATA FOUND
- Source citation: Work cat.: (BD-RjUL)79755: Nesfield, J. C. (John Collinson) 2755, Errors in English composition :, 1909.